Информационные материалы. Вып.26 (Запись № 4511701)

Подробности
000 -МАРКЕР
контрольное поле 01929nam2a22002651 4500
001 - ИДЕНТИФИКАТОР ЗАПИСИ
контрольное поле RU\NLR\INFOCOMM10\1000324074
005 - ИДЕНТИФИКАТОР ВЕРСИИ
контрольное поле 20250617013850.0
035 ## - ДРУГИЕ СИСТЕМНЫЕ НОМЕРА
Идентификатор записи (NLR Aleph) 002350752
100 ## - ДАННЫЕ ОБЩЕЙ ОБРАБОТКИ
Данные общей обработки 20041111d1970 |||y0rusy50 ca
101 0# - ЯЗЫК РЕСУРСА
Язык текста, звукозаписи и т.д. русский
102 ## - СТРАНА ПУБЛИКАЦИИ ИЛИ ПРОИЗВОДСТВА
Страна публикации Российская Федерация
105 ## - ПОЛЕ КОДИРОВАННЫХ ДАННЫХ: ТЕКСТОВЫЕ МАТЕРИАЛЫ, МОНОГРАФИЧЕСКИЕ
Кодированные данные о монографическом текстовом документе y |||||||||
200 0# - ЗАГЛАВИЕ И СВЕДЕНИЯ ОБ ОТВЕТСТВЕННОСТИ
Основное заглавие Вып.26
210 ## - ПУБЛИКАЦИЯ, РАСПРОСТРАНЕНИЕ И ДР.
Дата издания, распространения и т.д. 1970
Место издания, распространения и т.д. Б. м.
225 1# - СЕРИЯ
Основное заглавие серии ...
Обозначение тома Вып.26
Наименование части ...
Обозначение тома 1969
461 #0 - УРОВЕНЬ НАБОРА
Встроенное поле 001RU\NLR\INFOCOMM18\1000032859
-- 2001#$aИнформационные материалы$fАкад. наук СССР. Объедин. науч. совет "Физиология человека и животных"$vВып.26
Системный номер (АБИС) связанной записи 4029362
Автор Академия наук СССР. Объединенный научный совет по комплексной проблеме "Физиология человека и животных"
Место публикации Л.
Дата публикации 1965-
Первые сведения об ответственности Акад. наук СССР. Объедин. науч. совет "Физиология человека и животных"
Заглавие Информационные материалы
Номер тома Вып.26
462 #0 - УРОВЕНЬ ПОДНАБОРА
Встроенное поле 001RU\NLR\INFOCOMM10\1000324072
-- 2001#$aОтчет о деятельности секции по адаптации человека$fАН СССР. Объедин. науч. совет "Физиология человека и животных"$v1969
Системный номер (АБИС) связанной записи 4511696
Автор Советский национальный комитет по Международной биологической программе (Москва)
Место публикации Л.
Дата публикации 1969-1971
Первые сведения об ответственности АН СССР. Объедин. науч. совет "Физиология человека и животных"
Заглавие Информационные материалы. - Отчет о деятельности секции по адаптации человека
Номер тома 1969
801 #1 - ИСТОЧНИК ЗАПИСИ
Страна Российская Федерация
Организация InfoComm
Дата составления 20041111
801 #0 - ИСТОЧНИК ЗАПИСИ
Страна Российская Федерация
Организация NLR
Правила каталогизации PSBO
852 ## - МЕСТОНАХОЖДЕНИЕ И ШИФР ХРАНЕНИЯ
Идентификатор организации NLR
Шифр хранения (Call Number) П7/1071
942 ## - ДОПОЛНИТЕЛЬНЫЕ ЭЛЕМЕНТЫ ЗАПИСИ (АБИС)
Тип экземпляра АБИС Выпуск
980 ## - КОЛЛЕКЦИЯ
Название коллекции Национальная библиография
980 ## - КОЛЛЕКЦИЯ
Название коллекции Русская периодика

Нет доступных экземпляров.